000 00522nam a2200181Ia 4500
001 902
005 20260306140552.0
008 260306t1990||||xx |||||||||||||| ||spa||
041 _aESP
082 _a172.42
_bU61
100 _aUniversidad de Murcia
_eAUT
245 0 _aLa objeción de conciencia en el derecho español e italiano:
_bjornadas celebradas en Murcia los días 12 al 14 de abril de 1989
260 _c1990
300 _a217 páginas :
_c20 cm.
650 _aGEN
654 _aCHU
942 _cLIB
_dJUS
_fJUS
_2ddc
_n
999 _c902
_d902